Liste des personnages de Super Smash Bros. - Statistiques

Statistiques générales
  • Ce quiz a été pris 1 631 fois
    1 164 depuis la dernière actualisation
  • Le résultat moyen est 50 sur 89
Statistiques - réponses
Numéro de série Personnages % Correct
#01 Mario
99%
#09 Luigi
94%
#03 Link
93%
#13 Peach
91%
#02 Donkey Kong
88%
#14 Bowser
87%
#13E Daisy
87%
#08 Pikachu
86%
#04 Samus
85%
#06 Kirby
83%
#17 Zelda
81%
#60E Ken
79%
#07 Fox
77%
#21 Marth
76%
#23 Ganondorf
74%
#20 Falco
72%
#05 Yoshi
72%
#43 Link Cartoon
71%
#10 Ness
71%
#19 Pichu
71%
#30 Wario
71%
#21E Lucina
70%
#12 Rondoudou
69%
#04E Samus Sombre
69%
#11 Captain Falcon
66%
#25 Roy
66%
#16 Sheik
66%
#36 Diddy Kong
65%
#60 Ryu
65%
#77 Steve
64%
#22 Link Enfant
63%
#39 Roi Dadidou
63%
#37 Lucas
62%
#24 Mewtwo
62%
#29 Samus Sans Armure
62%
#38 Sonic
61%
#27 Meta Knight
60%
#32 Ike
59%
#28 Pit
59%
#44 Wolf
59%
#69 Félinferno
58%
#41 Lucario
58%
#50 Amphinobi
57%
#58 Bowser Jr.
57%
#25E Chrom
57%
#71 Joker
56%
#82 Sora
54%
#61 Cloud
52%
#18 Dr. Mario
52%
#81 Kazuya
52%
#65 Ridley
52%
#33 Dresseur de Pokémon (Carapuce)
51%
#35 Dresseur de Pokémon (Dracaufeu)
51%
#34 Dresseur de Pokémon (Herbizarre)
51%
#42 R.O.B.
51%
#31 Snake
50%
#55 Pac-Man
49%
#63 Bayonetta
48%
#15 Ice Climbers
48%
#67 King K. Rool
48%
#54 Palutena
48%
#28E Pit Maléfique
48%
#79 Pyra
48%
#75 Byleth
47%
#78 Séphiroth
47%
#45 Villageois
46%
#48 Harmonie & Luma
45%
#76 Min-Min
44%
#68 Marie
43%
#74 Terry
43%
#46 Mega Man
42%
#62 Corrin
41%
#80 Mythra
41%
#40 Olimar
41%
#49 Little Mac
39%
#26 Mr. Game & Watch
39%
#66 Simon
39%
#56 Daraen
38%
#64 Inkling
38%
#72 Héros
37%
#66E Richter
36%
#73 Banjo & Kazooie
33%
#47 Entraîneuse Wii Fit
33%
#57 Shulk
32%
#59 Duo Duck Hunt
28%
#70 Plante Piranha
25%
#51 Combattant Mii (Boxeur)
11%
#52 Combattant Mii (Épeiste)
11%
#53 Combattant Mii (Tireur)
11%
Aucun quiz correspondant
Distribution des résultats
% des personnes avec chaque résultat
Percentile par nombre de réponses
Votre historique - résultats
Vous n’avez pas pris ce quiz depuis la dernière actualisation